[Event "BCF-ch Soanes op"]
[Site "Coventry"]
[Date "2015.08.02"]
[Round "5"]
[White "Hartley, Dean M"]
[Black "Gonem, Sherif"]
[Result "0-1"]
[WhiteElo "146"]
[BlackElo "141"]
[PlyCount "63"]
[EventDate "2015.07.31"]
[EventType "swiss"]
[EventRounds "5"]
[EventCountry "ENG"]
[SourceTitle "CBM 167 Extra"]
[Source "ChessBase"]
[SourceDate "2015.09.14"]
[SourceVersion "1"]
[SourceVersionDate "2015.09.14"]
[SourceQuality "1"]

1. d4 Nf6 2. Nf3 d6 3. Nc3 Nbd7 4. e4 e5 5. dxe5 dxe5 6. Bc4 Be7 7. 0-0 c6 8. Qe2 0-0 9. Rd1 Qc7 10. Bg5 b5 11. Bb3 Nc5 12. h3 a5 13. a3 Nxb3 14. cxb3 Be6 15. Qc2 Rac8 16. Rac1 Qb8 17. Bxf6 Bxf6 18. Ne2 a4 19. bxa4 bxa4 20. Qxa4 Bb3 21. Qa5 Bxd1 22. Rxd1 Qxb2 23. Qa6 Ra8 24. Qc4 Rxa3 25. Ng3 Qb3 26. Qe2 c5 27. Rd5 Rc8 28. Nh5 Qb6 29. Nxe5 Bxe5 30. Rxe5 Qg6 31. Qb5 Raa8 32. Rg5 0-1

[Event "BCF-ch Soanes op"]
[Site "Coventry"]
[Date "2015.08.02"]
[Round "4"]
[White "London, Nick J"]
[Black "Hartley, Dean M"]
[Result "0-1"]
[WhiteElo "137"]
[BlackElo "146"]
[PlyCount "140"]
[EventDate "2015.07.31"]
[EventType "swiss"]
[EventRounds "5"]
[EventCountry "ENG"]
[SourceTitle "CBM 167 Extra"]
[Source "ChessBase"]
[SourceDate "2015.09.14"]
[SourceVersion "1"]
[SourceVersionDate "2015.09.14"]
[SourceQuality "1"]

1. Nf3 Nf6 2. d4 c5 3. c4 g6 4. Nc3 cxd4 5. Nxd4 Nc6 6. e4 d6 7. f3 Bg7 8. Be3 0-0 9. Be2 Nxd4 10. Bxd4 Qa5 11. Qd2 Be6 12. 0-0 Rfc8 13. b3 a6 14. Rfd1 b5 15. Nd5 Qxd2 16. Rxd2 Bxd5 17. exd5 bxc4 18. Bxc4 Nd7 19. Re1 Bxd4+ 20. Rxd4 Kf8 21. Rde4 Rd8 22. Kf2 Ra7 23. Ke3 f5 24. Rd4 Rc8 25. g4 fxg4 26. fxg4 Ne5 27. Rf1+ Kg7 28. Rdf4 a5 29. a4 Rb7 30. Kd4 Rb4 31. Kc3 g5 32. Re4 Rcb8 33. h3 R8b7 34. Rxe5 dxe5 35. Rf5 h6 36. Rxe5 R4b6 37. Kd4 Rf6 38. Re3 Kf8 39. Kc5 Rbb6 40. Bb5 Rbd6 41. Bc6 Rf4 42. Kb5 Rdf6 43. Kxa5 Rf3 44. Rxf3 Rxf3 45. d6 Rd3 46. d7 e5 47. Kb6 Ke7 48. Kc7 e4 49. a5 e3 50. Bf3 Rxd7+ 51. Kb6 Rd4 52. a6 Rb4+ 53. Kc7 Rxb3 54. a7 Ra3 55. Kb7 Kf6 56. a8Q Rxa8 57. Kxa8 Ke5 58. Kb7 Kf4 59. Bd1 Kg3 60. Kc6 Kf2 61. Kd5 e2 62. Bxe2 Kxe2 63. Ke4 Kf2 64. Kf5 Kg3 65. Kg6 Kxh3 66. Kh5 Kg3 67. Kxh6 Kxg4 68. Kg6 Kf4 69. Kh5 g4 70. Kh4 Kf3 0-1

[Event "BCF-ch Soanes op"]
[Site "Coventry"]
[Date "2015.08.01"]
[Round "2"]
[White "Hartley, Dean M"]
[Black "Brown, Geoffrey M"]
[Result "1-0"]
[WhiteElo "146"]
[BlackElo "136"]
[PlyCount "79"]
[EventDate "2015.07.31"]
[EventType "swiss"]
[EventRounds "5"]
[EventCountry "ENG"]
[SourceTitle "CBM 167 Extra"]
[Source "ChessBase"]
[SourceDate "2015.09.14"]
[SourceVersion "1"]
[SourceVersionDate "2015.09.14"]
[SourceQuality "1"]

1. d4 e6 2. Nf3 f5 3. Bg5 Nf6 4. c4 b6 5. Nc3 Bb4 6. Nd2 Bb7 7. a3 Bxc3 8. bxc3 0-0 9. e3 d6 10. Bd3 h6 11. Bxf6 Qxf6 12. 0-0 Qg5 13. Nf3 Qe7 14. g3 g5 15. Ne1 Nd7 16. Ng2 e5 17. Qh5 Kg7 18. Qe2 Rae8 19. d5 Nc5 20. Bc2 Bc8 21. Qd2 Qf7 22. f4 Qh5 23. Rae1 Qg4 24. Rf2 Re7 25. Ref1 Kh8 26. Ne1 Qh5 27. fxe5 Rxe5 28. Nf3 Ree8 29. Nd4 f4 30. exf4 Bh3 31. Re1 Rxe1+ 32. Qxe1 gxf4 33. Qe7 Rf7 34. Qe8+ Kg7 35. Ne6+ Nxe6 36. dxe6 Rf5 37. Qe7+ Kh8 38. Qd8+ Kg7 39. e7 fxg3 40. Qf8+ 1-0

[Event "Buxton e2e4 op-B 03"]
[Site "Buxton"]
[Date "2013.03.16"]
[Round "3"]
[White "Raeburn, Andrew L"]
[Black "Hartley, Dean M"]
[Result "1/2-1/2"]
[WhiteElo "1934"]
[BlackElo "1798"]
[PlyCount "42"]
[EventDate "2013.03.15"]
[EventType "swiss"]
[EventRounds "5"]
[EventCountry "ENG"]
[SourceTitle "EXT 2015"]
[Source "ChessBase"]
[SourceDate "2014.11.20"]
[SourceVersion "1"]
[SourceVersionDate "2014.11.20"]
[SourceQuality "1"]

1. e4 c5 2. d4 Nf6 3. e5 Nd5 4. c4 Nb4 5. d5 g6 6. a3 N4a6 7. Nc3 Bg7 8. Nf3 0-0 9. Be2 d6 10. Bf4 dxe5 11. Bxe5 Bxe5 12. Nxe5 Nc7 13. 0-0 Ne8 14. Qd2 Nd6 15. Rad1 Nd7 16. Nf3 Nf6 17. Bd3 Bg4 18. Qf4 Bxf3 19. Qxf3 Nh5 20. Ne4 b6 21. Nxd6 exd6 1/2-1/2